Ľudský kapitál, investície do ľudského kapitálu a ekonomický rast

Pojem ľudský kapitál. Počiatky ľudského kapitálu, jeho členenie a nositeľ. Investície do ľudského kapitálu a ekonomický rast.

Gespeichert in:
Bibliographische Detailangaben
1. Verfasser: Sobotová, Anna
Format: Buchkapitel
Sprache:Slowakisch
Schlagworte:
Tags: Tag hinzufügen
Keine Tags, Fügen Sie das erste Tag hinzu!

MARC

LEADER 00000nla$a2200000$$$4500
001 0053566
005 20240502071624.3
041 0 |a slo 
044 |a SK 
245 1 0 |a Ľudský kapitál, investície do ľudského kapitálu a ekonomický rast  |c Anna Sobotová 
520 |a Pojem ľudský kapitál. Počiatky ľudského kapitálu, jeho členenie a nositeľ. Investície do ľudského kapitálu a ekonomický rast. 
610 2 0 |a kapitál ľudský 
610 2 0 |a vzdelávanie 
610 2 0 |a investície kapitálové 
610 2 0 |a rast hospodársky 
610 2 0 |a história 
100 1 |a Sobotová, Anna